Символика единицы платье в среднеобской лирической песне; Ученые записки Орловского государственного университета. Серия: Гуманитарные и социальные науки; № 2 (71)
| Parent link: | Ученые записки Орловского государственного университета. Серия: Гуманитарные и социальные науки: научный журнал.— , 1940- № 2 (71).— 2016.— [С. 92-95] |
|---|---|
| Egile nagusia: | |
| Erakunde egilea: | |
| Gaia: | Заглавие с экрана Исследование посвящено выявлению символического содержания единицы "платье" в языке среднеобской лирической песни. В данном фольклорном жанре слово "платье" символизирует "внешнюю оболочку человека, которая составляет гармоническое единство с его внутренним миром и выступает как "оберег". При этом в связи с особенностями лирической песни обозначаемая внешняя оболочка" фиксируется в фольклорных текстах, главным образом, как разрушенная. The paper discovers symbolic content of "dress" unit in the lyrical song of the Middle Ob language. In this folklore genre the word "dress" symbolizes "outer cover of human being which constitutes harmonic unity with his inner world and serves as protection". Herewith in view of lyrical song peculiarities "outer cover" is fixed in folklore texts mainly as destroyed. Режим доступа: по договору с организацией-держателем ресурса |
| Hizkuntza: | errusiera |
| Argitaratua: |
2016
|
| Saila: | Филологические науки |
| Gaiak: | |
| Sarrera elektronikoa: | http://elibrary.ru/item.asp?id=27530322 |
| Formatua: | Baliabide elektronikoa Liburu kapitulua |
| KOHA link: | https://koha.lib.tpu.ru/cgi-bin/koha/opac-detail.pl?biblionumber=653328 |
MARC
| LEADER | 00000naa0a2200000 4500 | ||
|---|---|---|---|
| 001 | 653328 | ||
| 005 | 20250606151836.0 | ||
| 035 | |a (RuTPU)RU\TPU\network\18743 | ||
| 035 | |a RU\TPU\network\12263 | ||
| 090 | |a 653328 | ||
| 100 | |a 20170222d2016 k||y0rusy50 ca | ||
| 101 | 0 | |a rus | |
| 102 | |a RU | ||
| 135 | |a drcn ---uucaa | ||
| 181 | 0 | |a i | |
| 182 | 0 | |a b | |
| 200 | 1 | |a Символика единицы платье в среднеобской лирической песне |d Symbolism of dress unit in the middle ob lyrical song |f М. Е. Бохонная | |
| 203 | |a Текст |c электронный | ||
| 225 | 1 | |a Филологические науки | |
| 300 | |a Заглавие с экрана | ||
| 320 | |a [Библиогр.: с. 95 (2 назв.)] | ||
| 330 | |a Исследование посвящено выявлению символического содержания единицы "платье" в языке среднеобской лирической песни. В данном фольклорном жанре слово "платье" символизирует "внешнюю оболочку человека, которая составляет гармоническое единство с его внутренним миром и выступает как "оберег". При этом в связи с особенностями лирической песни обозначаемая внешняя оболочка" фиксируется в фольклорных текстах, главным образом, как разрушенная. | ||
| 330 | |a The paper discovers symbolic content of "dress" unit in the lyrical song of the Middle Ob language. In this folklore genre the word "dress" symbolizes "outer cover of human being which constitutes harmonic unity with his inner world and serves as protection". Herewith in view of lyrical song peculiarities "outer cover" is fixed in folklore texts mainly as destroyed. | ||
| 333 | |a Режим доступа: по договору с организацией-держателем ресурса | ||
| 337 | |a Adobe Reader | ||
| 461 | |t Ученые записки Орловского государственного университета. Серия: Гуманитарные и социальные науки |o научный журнал |d 1940- | ||
| 463 | |t № 2 (71) |v [С. 92-95] |d 2016 | ||
| 510 | 1 | |a Symbolism of dress unit in the middle ob lyrical song |z eng | |
| 610 | 1 | |a электронный ресурс | |
| 610 | 1 | |a труды учёных ТПУ | |
| 610 | 1 | |a фольклор | |
| 610 | 1 | |a песни | |
| 610 | 1 | |a жанры | |
| 610 | 1 | |a Среднее Приобье | |
| 610 | 1 | |a лингвистика | |
| 700 | 1 | |a Бохонная |b М. Е. |c лингвист |c доцент Томского политехнического университета, кандидат филологических наук |f 1981- |g Марина Евгеньевна |3 (RuTPU)RU\TPU\pers\34837 |9 18174 | |
| 712 | 0 | 2 | |a Национальный исследовательский Томский политехнический университет |c (2009- ) |9 26305 |
| 801 | 2 | |a RU |b 63413507 |c 20170222 |g RCR | |
| 850 | |a 63413507 | ||
| 856 | 4 | |u http://elibrary.ru/item.asp?id=27530322 | |
| 942 | |c CF | ||